| 000 | 00458cam a2200181ua 4500 | ||
|---|---|---|---|
| 020 | _a0 08 023819 x | ||
| 041 |
_aeng _h |
||
| 082 |
_a660 _bCOU/CH |
||
| 100 | _aCoulson, J M . | ||
| 245 |
_aChemical engineering vol-3 / _cJ M Coulson. _hTextual Documents |
||
| 250 |
_a2 / _b. |
||
| 260 |
_aOxford : _bPergamon Press , _c1982. |
||
| 300 |
_a647 : _b506 ; . |
||
| 504 | _a | ||
| 700 | 1 | _aRichardsen, J F . | |
| 942 | _cBK | ||
| 999 |
_c10529 _d10529 |
||